| 000 | 01206cam a2200325 i 4500 | ||
|---|---|---|---|
| 001 | 25876 | ||
| 003 | Mx-PuUPA | ||
| 005 | 20250331112357.0 | ||
| 008 | 140415s2009 mx a gr 000 0 spa d | ||
| 020 | _a9786074297089 | ||
| 040 |
_aMx-PuUPA _bspa _cMx-PuUPA _dMx-PuUPA _erda |
||
| 041 | 0 | _aspa | |
| 100 | 1 |
_aOsorno, Diego Enrique, _d1980- _916642 _eautor |
|
| 245 | 1 | 3 |
_aEl cártel de Sinaloa : _buna historia del uso político del narco / _cDiego Enrique Osorno ; prólogo, Froylán Enciso |
| 250 |
_aPrimera edición / _bnoviembre |
||
| 264 | 1 |
_aMéxico, D. F. : _bRandom House Mondadori, _c©2009 |
|
| 300 |
_a328 páginas, 4 láminas : _bilustraciones ; _c23 cm |
||
| 336 |
_2rdacontent _atexto _btxt |
||
| 337 |
_2rdamedia _asin medio _bn |
||
| 338 |
_2rdacarrier _avolumen _bnc |
||
| 650 | 7 |
_913986 _2armarc _aNarcotráfico _zSinaloa |
|
| 650 | 7 |
_2armarc _aViolencia _zSinaloa |
|
| 650 | 7 |
_2armarc _aCrimen organizado _zSinaloa |
|
| 700 | 1 |
_aEnciso, Froylán, _eprologuista |
|
| 942 |
_2ddc _cLI _h364.106097232 _iO83 |
||
| 999 |
_c25876 _d25876 |
||